Normal view MARC view

Entry Topical Term

Number of records used in: 1

001 - CONTROL NUMBER

  • control field: 43716

003 - CONTROL NUMBER IDENTIFIER

  • control field: OSt

005 - DATE AND TIME OF LATEST TRANSACTION

  • control field: 20240228165701.0

008 - FIXED-LENGTH DATA ELEMENTS

  • fixed length control field: 240228|| aca||aabn | a|a d

040 ## - CATALOGING SOURCE

  • Original cataloging agency: OSt
  • Transcribing agency: OSt

150 ## - HEADING--TOPICAL TERM

  • Topical term or geographic name entry element: Public–private partnerships, PPPS, Infrastructure, Health, Education

670 ## - SOURCE DATA FOUND

  • Source citation: Work cat.: (OSt)523632: Fabre, Anaïs and Straub, Stéphane 43715, The impact of public–private partnerships (PPPS) in infrastructure, health, and education

Powered by Koha